| 000 | 00518cam a2200205 4500 | ||
|---|---|---|---|
| 008 | 090401t1996 xxu||||| |||| 00| 0 eng d | ||
| 020 | _a0333633032 | ||
| 035 | _a(Sirsi) u48763 | ||
| 041 | _aeng | ||
| 050 | _a333.33025 | ||
| 110 |
_aRoyal Institution of Chartered Surveyors _94900 |
||
| 245 | _aList of members 1997. | ||
| 260 |
_aLondon _bMacMillan _c1996 |
||
| 300 | _a73,905p. ; 25cm. | ||
| 350 | _a88 | ||
| 650 | _aABOUT RICS-RICS MEMBERS | ||
| 650 | _aDIRECTORIES | ||
| 942 | _n0 | ||
| 948 | _c04/03/1997 | ||
| 999 |
_c92407 _d92407 |
||